The key of knovvledge not found in the university library of Cambridge; or, A short answer to a foolish, slanderous pamphlet, entituled, A gadd for the Quakers. : Which wants the authors name to it; but he is known cheifly to be Thomas Smith, priest of Caldecut, and keeper of the said library in Cambridge: his folly reproved, his lyes rejected, and the truth vindicated. /

Bibliographic Details
Main Author: Whitehead, George, 1636?-1723
Format: eBook
Language:English
Published: London : Printed by M.I. for Robert Wilson, at the Sign of the Black-Spread Eagle in Martins La Grand, 1660.
Series:Early English books online.
Subjects:
Online Access:Connect to the full text of this electronic book

MARC

Tag First Indicator Second Indicator Subfields
LEADER 00000nam a2200000Ia 4500
001 in00004332521
005 20200812094003.0
006 m g d
007 cr bn |||a|bb|
008 090108s1660 enk o 000 0 eng d
040 |a UMI  |c UMI  |e dcrb 
035 |a (OCoLC)297426199 
037 |a CL0037000130  |b ProQuest Information and Learning, 789 E. Eisenhower Parkway, Ann Arbor, MI 48108-3218 
043 |a e-uk-en 
090 |a BX7630  |b .W48 1660 
049 |a UMIA 
100 1 |a Whitehead, George,  |d 1636?-1723. 
245 1 4 |a The key of knovvledge not found in the university library of Cambridge; or, A short answer to a foolish, slanderous pamphlet, entituled, A gadd for the Quakers. :  |b Which wants the authors name to it; but he is known cheifly to be Thomas Smith, priest of Caldecut, and keeper of the said library in Cambridge: his folly reproved, his lyes rejected, and the truth vindicated. /  |c By a friend to them that hate iniquity, G.W. 
246 3 |a Key of knowledge not found in the university Library of Cambridge 
246 3 0 |a Short answer to a foolish, slanderous pamphlet, entituled, A gadd for the Quakers 
246 3 0 |a Gadd for the Quakers 
260 |a London :  |b Printed by M.I. for Robert Wilson, at the Sign of the Black-Spread Eagle in Martins La Grand,  |c 1660. 
300 |a 1 online resource ([2], 11, [3] pages) 
336 |a text  |b txt  |2 rdacontent 
337 |a computer  |b c  |2 rdamedia 
338 |a online resource  |b cr  |2 rdacarrier 
500 |a Reproduction of original in: Cambridge University Library. 
510 4 |a Wing (2nd edition)  |c W1939 
533 |a Electronic reproduction.  |b Ann Arbor, Mich. :  |c UMI,  |d 1999-  |f (Early English books online)  |n Digital version of: (Early English Books, 1641-1700 ; 2928:5)  |7 s1999 miun s 
610 2 0 |a Cambridge University Library. 
650 0 |a Society of Friends  |z England  |v Early works to 1800. 
650 0 |a Society of Friends  |x Doctrines  |v Early works to 1800. 
830 0 |a Early English books online. 
856 4 0 |u http://proxy.library.tamu.edu/login?url=https://search.proquest.com/docview/2240866237  |z Connect to the full text of this electronic book  |t 0 
994 |a 02  |b UMI 
999 f f |s 11e81045-2b16-3c43-99ac-92f16e683e0b  |i 5658f4c4-678c-35de-98d3-f17a5a22ad65  |t 0 
952 f f |a Texas A&M University  |b College Station  |c Electronic Resources  |d Available Online  |t 0  |e BX7630 .W48 1660  |h Library of Congress classification 
998 f f |a BX7630 .W48 1660  |t 0  |l Available Online